|
|
|
|
| LEADER |
00000nam a2200000 4500 |
| 008 |
191217b2003 cr ||||| |||| 00| | spa d |
| 999 |
|
|
|c 3854
|d 3854
|
| 020 |
|
|
|a 9223153581
|
| 090 |
|
|
|a 13.09.02
|b 748
|
| 110 |
|
|
|9 1240
|a Oficina Internacional del Trabajo
|
| 245 |
1 |
0 |
|a Alto al trabajo infantil doméstico. Una aproximación al trabajo infantil y adolescente doméstico en el Cantón de Desamparados /
|c OIT
|
| 260 |
|
|
|a San José, Costa Rica :
|b OIT,
|c 2003
|
| 300 |
|
|
|a 62 páginas
|
| 650 |
1 |
4 |
|9 1864
|a TRABAJO DE MENORES
|
| 650 |
1 |
4 |
|9 2382
|a TRABAJO DOMESTICO
|
| 942 |
|
|
|i 001239
|h 13.09.02 748
|2 z
|c 01
|